الاحتراق النفسي : (رقم التسجيلة. 29287)

تفاصيل مارك
000 -الفاتح
حقل البيانات ثابتة الطول 00896nam a22002057a 4500
003 - محدد رقم الضبط
رقم الضبط OSt
005 - وقت وتاريخ اخر تعامل مع التسجيلة
رقم الضبط 20150408114128.0
008 - عناصر البيانات ثابتة الطول - معلومات عامة
حقل البيانات ثابتة الطول 130319s 2000su ||||g |||| 00| 0 ara d
040 ## - مصدر الفهرسة
وكالة الفهرسة الأصلية Mu-na
082 ## - رقم تصنيف ديوى العشرى
رقم التصنيف 371.9
رقم المادة ب ز ا
100 ## - المدخل الرئيسى - إسم شخصى
الإسم الشخصى البتال، زيد بن محمد عبد الله،
التواريخ المصاحبة للاسم 1378 هـ-
9 (RLIN) 34720
245 ## - بيان العنوان
العنوان الاحتراق النفسي :
بقية العنوان ضغوط العمل النفسية لدى معلمي ومعلمات التربية الخاصة : ماهيته-أسبابه-علاجه
بيان المسئوليه,etc / تأليف زيد بن محمد البتال.
260 ## - PUBLICATION, DISTRIBUTION, ETC. (IMPRINT)
مكان الناشر او الموزع الرياض :
اسم الناشر او الموزع أكاديمية التربية الخاصة،
تاريخ النشر أو التوزيع 2000 1420.
300 ## - الوصف المادى
التعداد 171 ص. ؛
أبعاد الوعاء 24 سم.
504 ## - تبصرة ببليوجرافية
تبصرة ببليوجرافية,الخ ببليوجرافية : ص. 147-171
650 ## - المدخل الاضافى بالموضوع-مصطلح موضوعى
مصطلح موضوعي أو اسم جغرافي كعنصر مدخل المدرسون
التقسيم الفرعي العام علم نفس
9 (RLIN) 16733
650 ## - المدخل الاضافى بالموضوع-مصطلح موضوعى
مصطلح موضوعي أو اسم جغرافي كعنصر مدخل التعليم الخاص
650 ## - المدخل الاضافى بالموضوع-مصطلح موضوعى
مصطلح موضوعي أو اسم جغرافي كعنصر مدخل علم النفس التربوي
942 ## - عناصر المدخل الإضافي( كوها)
مصدر التصنيف او مخطط الترفيف Dewey Decimal Classification
Koha [default] item type كتاب
المقتنيات
حالة الفقد نموذج السعر الفعال حالة تلف ليس للاعارة رقم الطلب رقم النسخة تاريخ الاكتساب الموقع الحالي الباركود الفرع الرئيسي Date last seen نوع المادة فى نظام كوها مصدر التصنيف او خطة الترفيف Total Checkouts
  2013-03-19   Not For Loan 371.9 ب ز ا 1 2013-03-19 المكتبة المركزية بالمجمعة (CL) 00306027 المكتبة المركزية بالمجمعة (CL) 2013-03-19 كتاب Dewey Decimal Classification  
  2013-03-19     371.9 ب ز ا 2 2013-03-19 المكتبة المركزية بالمجمعة (CL) 00306028 المكتبة المركزية بالمجمعة (CL) 2013-03-19 كتاب Dewey Decimal Classification  
  2013-03-19     371.9 ب ز ا 3 2013-03-19 المكتبة المركزية بالمجمعة (CL) 00306029 المكتبة المركزية بالمجمعة (CL) 2013-03-19 كتاب Dewey Decimal Classification